[Event "Dhaka op"]
[Site "Dhaka"]
[Date "2016.06.24"]
[Round "1"]
[White "Sattayanjoy Barua, Titu"]
[Black "Mollah Abdullah, Al Rakib"]
[Result "0-1"]
[WhiteElo "1773"]
[BlackElo "2479"]
[PlyCount "78"]
[EventDate "2016.06.24"]
[EventType "swiss"]
[EventRounds "9"]
[EventCountry "BAN"]
[SourceTitle "EXT 2017"]
[Source "ChessBase"]
[SourceDate "2016.10.25"]
[SourceVersion "1"]
[SourceVersionDate "2016.10.25"]
[SourceQuality "1"]

1. c4 e5 2. Nc3 Nf6 3. Nf3 Nc6 4. a3 g6 5. d3 Bg7 6. Bg5 h6 7. Bd2 d5 8. cxd5 Nxd5 9. g3 Nde7 10. Bg2 0-0 11. 0-0 Be6 12. Ne4 b6 13. Qc1 f5 14. Bxh6 fxe4 15. dxe4 Nd4 16. Nxd4 exd4 17. Bxg7 Kxg7 18. f4 Rc8 19. h3 Qd6 20. g4 Qc5 21. b4 Qxc1 22. Raxc1 c5 23. f5 Bg8 24. h4 c4 25. h5 gxh5 26. g5 Nc6 27. Bf3 Bf7 28. Kf2 Ne5 29. Rh1 c3 30. Bxh5 d3 31. f6+ Kg8 32. Rh2 Bxh5 33. Rxh5 d2 34. Rch1 Kf7 35. Rh7+ Ke6 36. Re7+ Kd6 37. Ke3 Rc7 38. Rxc7 Kxc7 39. g6 Rxf6 0-1